| 000 | 00438cam a2200181ua 4500 | ||
|---|---|---|---|
| 001 | 4633 | ||
| 008 | 120409n1992 II |||gr||||Z||||||eng | ||
| 040 | _aMAIN | ||
| 041 | _aEnglish | ||
| 082 | _a332.1 SAC | ||
| 100 | _aSACHDEVA, A. N. | ||
| 245 | _aINTERNATIONAL BANKING THEORY AND BANKING SYSTEM | ||
| 260 |
_aLUCKNOW _bPRAKASHAN KENDRA _c1992 |
||
| 300 |
_a645: _c20CM. |
||
| 653 | _aBanking | ||
| 700 | _aSUNDRAM, M. P. | ||
| 942 | _cBK | ||
| 999 |
_c4620 _d4620 |
||